000 00992nam a2200265Ia 4500
003 OSt
005 20221005112026.0
006 a|||||r|||| 00| 0
007 ta
008 221004b |||||||| |||| 00| 0 hin d
020 _a9788171246281 (hbk)
_c400
024 _a102698
037 _b463, 12/02/2010, Eastern Book Linkers
_cTextual
040 _aCRL
_cCRL
_bhin
041 _2hin
_ahin
082 _aP:4, 152J1
100 _aद्विवेदी, कपिलदेव
245 0 _aअर्थविज्ञान और व्याकरण दर्शन
246 _aArthavijnyān aur vyākaraṇ darshana
250 _aद्वितीय
260 _aवाराणसी
_bविश्वविद्यालय प्रकाशन भारत
_c1951
300 _a368पृ0
_ccm.
942 _hP:4, 152J1
_cTEXL
_2cc
999 _c1023601
_d1023601